000 00935nam a2200265Ia 4500
003 OSt
005 20220923211351.0
006 a|||||r|||| 00| 0
007 ta
008 220922b |||||||| |||| 00| 0 hin d
020 _a9788186503478 (hbk)
_c300
024 _a273,285
037 _b23059, 16/08/2013, Kitab Ghar
_cTextual
040 _aARTS
_cARTS
_bhin
041 _2hin
_ahin
082 _aP152:3, Q1
100 _aआनन्द, कान्ता
_9156318
245 0 _aहिन्दी व्याकरण एंव पत्र लेखन
246 _aHindī vyākaraṇ eanva patra lekhana
260 _aदिल्ली
_b विद्या पुस्तक सदन
_c2012
300 _a168पृ.
_ccm.
650 _aहिन्दी भाषा
942 _hP152:3, Q1
_cTEXL
_2CC
999 _c298842
_d298842